000 00471nmm a2200157Ia 4500
008 251105s9999||||xx |||||||||||||||||und||
041 _aspa
100 _aMoreno Blanco, Lácydes
245 0 _aDiccionario de vozes culinarias
264 _a[Bogotá, Colombia] :
_bUniversidad Externado de Colombia,
_c2008
300 _a610 páginas
490 _aColección de Estudios
650 _aCooking
856 _uhttps://public.digitaliapublishing.com/a/41064
942 _cCF
999 _c98743
_d98743